[Event "BL2 West 1920 (Women)"]
[Site "Germany"]
[Date "2019.09.15"]
[Round "2.4"]
[White "Sewald, Kathrin"]
[Black "Hiebsch, Catalina"]
[Result "0-1"]
[WhiteElo "2015"]
[BlackElo "1770"]
[PlyCount "128"]
[EventDate "2019.09.14"]
[EventType "team-tourn"]
[EventRounds "7"]
[EventCountry "GER"]
[SourceTitle "EXT 2021"]
[Source "ChessBase"]
[SourceDate "2020.10.23"]
[SourceVersion "1"]
[SourceVersionDate "2020.10.23"]
[SourceQuality "1"]
[WhiteTeam "Hemer (W)"]
[BlackTeam "Muelheim Nord (W)"]
[WhiteTeamCountry "GER"]
[BlackTeamCountry "GER"]

1. e4 e5 2. Nf3 Nc6 3. Bc4 d6 4. 0-0 Be7 5. c3 Be6 6. Bb3 Qd7 7. Ba4 f6 8. d4 exd4 9. Nxd4 a6 10. Nxe6 Qxe6 11. Bb3 Qd7 12. f4 Nh6 13. Qh5+ Kd8 14. Nd2 f5 15. e5 d5 16. Qf3 Bc5+ 17. Kh1 Ne7 18. h3 c6 19. Qd3 Kc7 20. Nf3 Nf7 21. Be3 Bxe3 22. Qxe3 Nd8 23. Rfd1 b5 24. a4 Ne6 25. axb5 axb5 26. c4 Rxa1 27. Rxa1 Rb8 28. cxb5 Rxb5 29. Ba4 Rb6 30. Nd4 Nxd4 31. Qxd4 g6 32. Bd1 Kb7 33. Be2 Nc8 34. b4 Kc7 35. Qc5 Kd8 36. Ra8 Qb7 37. Qf8+ Kc7 38. Qf7+ Kd8 39. Qg8+ Kc7 40. Qxh7+ Kd8 41. Qg8+ Kc7 42. Ra4 Rxb4 43. Ba6 Rb1+ 44. Kh2 Qb8 45. Qxg6 Qb6 46. Qxf5 Ne7 47. Qd3 Qg1+ 48. Kg3 Rb2 49. Kh4 Rxg2 50. Bc8 Nxc8 51. f5 Rg8 52. Rg4 Qe1+ 53. Qg3 Rh8+ 54. Kg5 Qxg3 55. Rxg3 Rg8+ 56. Kf4 Rxg3 57. Kxg3 Ne7 58. Kf4 Kd7 59. h4 d4 60. f6 Ng6+ 61. Ke4 Nxe5 62. h5 d3 63. h6 d2 64. h7 Nf7 0-1

[Event "BL2 West 1920 (Women)"]
[Site "Germany"]
[Date "2019.09.14"]
[Round "1.5"]
[White "Veldhuis, Karina"]
[Black "Hiebsch, Catalina"]
[Result "0-1"]
[WhiteElo "1821"]
[BlackElo "1770"]
[PlyCount "140"]
[EventDate "2019.09.14"]
[EventType "team-tourn"]
[EventRounds "7"]
[EventCountry "GER"]
[SourceTitle "EXT 2021"]
[Source "ChessBase"]
[SourceDate "2020.10.23"]
[SourceVersion "1"]
[SourceVersionDate "2020.10.23"]
[SourceQuality "1"]
[WhiteTeam "Steinfurt (W)"]
[BlackTeam "Muelheim Nord (W)"]
[WhiteTeamCountry "GER"]
[BlackTeamCountry "GER"]

1. d4 f5 2. Bg5 Nf6 3. Nf3 e6 4. e3 Be7 5. Nbd2 0-0 6. c4 d6 7. Bd3 Nc6 8. Qb3 Kh8 9. 0-0 e5 10. d5 Nb8 11. e4 f4 12. Bxf6 Bxf6 13. Kh1 Nd7 14. Qc3 g5 15. h3 Qe8 16. Nh2 h5 17. Be2 Qg6 18. Qf3 h4 19. Qh5+ Kg7 20. Qxg6+ Kxg6 21. Ng4 Be7 22. b4 Nf6 23. Nxf6 Kxf6 24. Rac1 c6 25. c5 Bd7 26. Rfd1 Rac8 27. Bg4 Rfd8 28. Bxd7 Rxd7 29. Nb3 cxd5 30. exd5 e4 31. c6 bxc6 32. dxc6 Rdc7 33. b5 Ke5 34. a4 d5 35. Nd4 Bb4 36. Nb3 e3 37. fxe3 fxe3 38. Rd4 Bd2 39. Rxd2 exd2 40. Nxd2 Kd6 41. Nf3 Rg7 42. a5 Kc7 43. Re1 Rcg8 44. Nd4 Rf7 45. Kg1 g4 46. hxg4 Rxg4 47. b6+ axb6 48. axb6+ Kxb6 49. Rb1+ Kc5 50. c7 Rxc7 51. Ne6+ Kd6 52. Nxc7 Kxc7 53. Rb3 Kd6 54. Kh2 Ke5 55. Kh3 Re4 56. g4 hxg3 57. Kxg3 Kd4 58. Kf2 Kc4 59. Ra3 d4 60. Ra4+ Kb3 61. Ra7 Kc2 62. Kf3 Re8 63. Rc7+ Kd2 64. Ra7 d3 65. Rc7 Kd1 66. Kf2 Re2+ 67. Kf3 Rc2 68. Rd7 d2 69. Ke3 Ke1 70. Rh7 Rc3+ 0-1

[Event "Ruhrgebiet Verbandsklasse Gruppe 1 1819"]
[Site "Nordrheinwestfalen"]
[Date "2019.03.24"]
[Round "8.2"]
[White "Ophoven, Hermann"]
[Black "Hiebsch, Catalina"]
[Result "1/2-1/2"]
[WhiteElo "1718"]
[BlackElo "1720"]
[PlyCount "77"]
[EventDate "2018.09.23"]
[EventType "team-tourn"]
[EventRounds "9"]
[EventCountry "GER"]
[SourceTitle "EXT 2022"]
[Source "ChessBase"]
[SourceDate "2021.10.06"]
[SourceVersion "1"]
[SourceVersionDate "2021.10.06"]
[SourceQuality "1"]
[WhiteTeam "Steele/Kray Rochade II"]
[BlackTeam "Horst Emscher II"]
[WhiteTeamCountry "GER"]
[BlackTeamCountry "GER"]

1. c4 c5 2. Nf3 Nc6 3. Nc3 g6 4. d4 cxd4 5. Nxd4 Bg7 6. e3 Nf6 7. Be2 d6 8. 0-0 0-0 9. Nxc6 bxc6 10. Qc2 Bd7 11. Bd2 Rb8 12. Rab1 Qc7 13. h3 Rfc8 14. b4 a5 15. a3 axb4 16. axb4 Qd8 17. Rfd1 Ra8 18. Ra1 Rxa1 19. Rxa1 Ra8 20. Rxa8 Qxa8 21. Qa2 Qxa2 22. Nxa2 Ne4 23. Be1 Kf8 24. f3 Ng5 25. Kf2 Ke8 26. Bc3 e5 27. Ke1 Ne6 28. Kd2 Bh6 29. Bf1 Nd4 30. Bxd4 exd4 31. f4 dxe3+ 32. Kxe3 Bg7 33. Nc1 h5 34. Ne2 Kd8 35. Nd4 Kc7 36. Bd3 Bh6 37. Kf3 Bg7 38. Ke3 Bh6 39. Kf3 1/2-1/2

[Event "Ruhrgebiet Verbandsklasse Gruppe 1 1819"]
[Site "Nordrheinwestfalen"]
[Date "2019.03.10"]
[Round "7.3"]
[White "Hiebsch, Catalina"]
[Black "Weinert, Christian"]
[Result "1-0"]
[WhiteElo "1720"]
[BlackElo "1979"]
[PlyCount "53"]
[EventDate "2018.09.23"]
[EventType "team-tourn"]
[EventRounds "9"]
[EventCountry "GER"]
[SourceTitle "EXT 2022"]
[Source "ChessBase"]
[SourceDate "2021.10.06"]
[SourceVersion "1"]
[SourceVersionDate "2021.10.06"]
[SourceQuality "1"]
[WhiteTeam "Horst Emscher II"]
[BlackTeam "Mengede SG"]
[WhiteTeamCountry "GER"]
[BlackTeamCountry "GER"]

1. e4 c5 2. Nc3 Nc6 3. Bb5 Nd4 4. Bc4 e6 5. d3 Ne7 6. a3 a6 7. Nf3 b5 8. Ba2 Bb7 9. Nxd4 cxd4 10. Ne2 Nc6 11. 0-0 g6 12. f4 Bg7 13. f5 gxf5 14. exf5 Be5 15. Qe1 Rg8 16. fxe6 dxe6 17. Qf2 Qe7 18. Bf4 0-0-0 19. Bg3 Rdf8 20. Nf4 Qd7 21. Rae1 Rg5 22. Nxe6 Bxg3 23. hxg3 Rfg8 24. Nxg5 Rxg5 25. Qxf7 Nd8 26. Qxd7+ Kxd7 27. Rf4 1-0

[Event "Ruhrgebiet Verbandsklasse Gruppe 1 1819"]
[Site "Nordrheinwestfalen"]
[Date "2019.01.20"]
[Round "5.2"]
[White "Grodotzki, Thomas"]
[Black "Hiebsch, Catalina"]
[Result "1/2-1/2"]
[WhiteElo "1964"]
[BlackElo "1753"]
[PlyCount "53"]
[EventDate "2018.09.23"]
[EventType "team-tourn"]
[EventRounds "9"]
[EventCountry "GER"]
[SourceTitle "EXT 2022"]
[Source "ChessBase"]
[SourceDate "2021.10.06"]
[SourceVersion "1"]
[SourceVersionDate "2021.10.06"]
[SourceQuality "1"]
[WhiteTeam "Bergeborbeck Wacker"]
[BlackTeam "Horst Emscher II"]
[WhiteTeamCountry "GER"]
[BlackTeamCountry "GER"]

1. e4 e5 2. Nf3 Nc6 3. d4 exd4 4. c3 dxc3 5. Nxc3 d6 6. Bc4 h6 7. 0-0 Nf6 8. Qb3 Qd7 9. e5 dxe5 10. Nxe5 Nxe5 11. Re1 Bd6 12. Bf4 0-0 13. Bxe5 Bxe5 14. Rxe5 Re8 15. Rae1 Rxe5 16. Rxe5 c6 17. Ne4 b5 18. Bxf7+ Qxf7 19. Nxf6+ gxf6 20. Re8+ Kg7 21. Qg3+ Kh7 22. Qe3 Kg6 23. h4 h5 24. Qd3+ Kg7 25. Qg3+ Kh7 26. Qe3 Kg6 27. Qg3+ 1/2-1/2

[Event "Ruhrgebiet Verbandsklasse Gruppe 1 1819"]
[Site "Nordrheinwestfalen"]
[Date "2018.09.23"]
[Round "1.2"]
[White "Wicht, Juergen"]
[Black "Hiebsch, Catalina"]
[Result "1-0"]
[WhiteElo "2001"]
[BlackElo "1753"]
[PlyCount "43"]
[EventDate "2018.09.23"]
[EventType "team-tourn"]
[EventRounds "9"]
[EventCountry "GER"]
[SourceTitle "EXT 2022"]
[Source "ChessBase"]
[SourceDate "2021.10.06"]
[SourceVersion "1"]
[SourceVersionDate "2021.10.06"]
[SourceQuality "1"]
[WhiteTeam "Annen Sport Union"]
[BlackTeam "Horst Emscher II"]
[WhiteTeamCountry "GER"]
[BlackTeamCountry "GER"]

1. d4 Nf6 2. c4 e6 3. Nf3 c5 4. d5 exd5 5. cxd5 d6 6. Nc3 Be7 7. h3 Bf5 8. e4 Bg6 9. e5 Nfd7 10. exd6 Bxd6 11. Qe2+ Qe7 12. Nb5 Be5 13. d6 Bc3+ 14. bxc3 Qxe2+ 15. Bxe2 Na6 16. Be3 f6 17. 0-0 Nb6 18. Rad1 Kd7 19. Nh4 Bf7 20. Nc7 Nxc7 21. dxc7+ Kxc7 22. Bf4+ 1-0

[Event "GER-chT Federal Cup (Women)"]
[Site "Braunfels"]
[Date "2018.06.01"]
[Round "3.6"]
[White "Lerch, Cornelia"]
[Black "Hiebsch, Catalina"]
[Result "1/2-1/2"]
[WhiteElo "1880"]
[BlackElo "1794"]
[PlyCount "44"]
[EventDate "2018.05.31"]
[EventType "team-swiss"]
[EventRounds "5"]
[EventCountry "GER"]
[SourceTitle "EXT 2020"]
[Source "ChessBase"]
[SourceDate "2019.10.17"]
[SourceVersion "1"]
[SourceVersionDate "2019.10.17"]
[SourceQuality "1"]
[WhiteTeam "Rheinland Pfalz (W)"]
[BlackTeam "Nordrhein Westfalen (W)"]
[WhiteTeamCountry "GER"]
[BlackTeamCountry "GER"]

1. e4 c5 2. c3 g6 3. d4 cxd4 4. cxd4 Bg7 5. Nf3 Nc6 6. Nc3 d6 7. h3 Nf6 8. Be3 0-0 9. Be2 a6 10. a3 b5 11. b4 Bb7 12. Rc1 Rc8 13. 0-0 e6 14. Qb3 d5 15. e5 Ne4 16. Rfd1 Nxc3 17. Rxc3 f6 18. exf6 Bxf6 19. Rc5 Qe7 20. Rdc1 Qg7 21. Rd1 Be7 22. Rcc1 Bf6 1/2-1/2

[Event "Ruhrgebiet Verbandsklasse Gruppe 2 1718"]
[Site "Germany"]
[Date "2018.03.18"]
[Round "8.5"]
[White "Zagrabski, Kevin"]
[Black "Hiebsch, Catalina"]
[Result "0-1"]
[WhiteElo "1883"]
[BlackElo "1798"]
[PlyCount "78"]
[EventDate "2017.09.17"]
[EventType "team-tourn"]
[EventRounds "9"]
[EventCountry "GER"]
[SourceTitle "EXT 2022"]
[Source "ChessBase"]
[SourceDate "2021.10.06"]
[SourceVersion "1"]
[SourceVersionDate "2021.10.06"]
[SourceQuality "1"]
[WhiteTeam "Essen SK Germania Kupferdreh"]
[BlackTeam "Horst Emscher II"]
[WhiteTeamCountry "GER"]
[BlackTeamCountry "GER"]

1. d4 d5 2. Nf3 Nf6 3. Bf4 e6 4. e3 c5 5. c3 Be7 6. Nbd2 0-0 7. Bd3 Nc6 8. Ne5 h6 9. Qf3 Nxe5 10. Bxe5 Nd7 11. Bf4 cxd4 12. exd4 Bg5 13. g3 a6 14. h4 Bxf4 15. gxf4 f5 16. Qg3 Nf6 17. Nf3 Bd7 18. Ne5 Be8 19. 0-0-0 Nh5 20. Qh2 b5 21. Kb1 Nf6 22. Rhg1 Qc7 23. Rg2 Ng4 24. Qg3 Nxe5 25. fxe5 Bh5 26. Rdg1 Rf7 27. Qe3 Kh8 28. Bc2 Qe7 29. Qh3 b4 30. Rc1 bxc3 31. Qxc3 Rb8 32. Bd3 Qxh4 33. Bxa6 Qe4+ 34. Ka1 Qxg2 35. Qc6 Qxf2 36. Rb1 Qxd4 37. Qxe6 Ra7 38. Qxf5 Rxa6 39. Qxh5 Rxa2+ 0-1

[Event "Ruhrgebiet Verbandsklasse Gruppe 2 1718"]
[Site "Germany"]
[Date "2018.02.04"]
[Round "6.4"]
[White "Hiebsch, Catalina"]
[Black "Schwiddessen, Jan"]
[Result "0-1"]
[WhiteElo "1798"]
[BlackElo "1900"]
[PlyCount "53"]
[EventDate "2017.09.17"]
[EventType "team-tourn"]
[EventRounds "9"]
[EventCountry "GER"]
[SourceTitle "EXT 2022"]
[Source "ChessBase"]
[SourceDate "2021.10.06"]
[SourceVersion "1"]
[SourceVersionDate "2021.10.06"]
[SourceQuality "1"]
[WhiteTeam "Horst Emscher II"]
[BlackTeam "Brackel SF II"]
[WhiteTeamCountry "GER"]
[BlackTeamCountry "GER"]

1. e4 c5 2. Nf3 d6 3. d4 cxd4 4. Nxd4 Nf6 5. Nc3 a6 6. Be2 e5 7. Nb3 Be7 8. 0-0 0-0 9. Be3 Nbd7 10. f3 b5 11. Nd5 Nxd5 12. Qxd5 Nb6 13. Qc6 Rb8 14. Rfd1 Na4 15. Nc5 Nxb2 16. Rd2 Rb6 17. Qa8 Qc7 18. Nxa6 Rxa6 19. Qd5 Nc4 20. Bxc4 Qxc4 21. Qxc4 bxc4 22. c3 Ra3 23. Rc2 f5 24. Rb1 fxe4 25. fxe4 d5 26. Rb5 d4 27. Bd2 0-1

[Event "GER-chT Federal Cup (Women)"]
[Site "Braunfels"]
[Date "2017.06.18"]
[Round "5.2"]
[White "Hiebsch, Catalina"]
[Black "Brandt, Carina"]
[Result "0-1"]
[WhiteElo "1823"]
[BlackElo "2071"]
[PlyCount "68"]
[EventDate "2017.06.15"]
[EventType "team-swiss"]
[EventRounds "5"]
[EventCountry "GER"]
[SourceTitle "CBM 179 Extra"]
[Source "ChessBase"]
[SourceDate "2017.08.23"]
[SourceVersion "1"]
[SourceVersionDate "2017.08.23"]
[SourceQuality "1"]
[WhiteTeam "Nordrhein Westfalen (W)"]
[BlackTeam "Hamburg (W)"]
[WhiteTeamCountry "GER"]
[BlackTeamCountry "GER"]

1. e4 e6 2. d4 d5 3. exd5 exd5 4. Nf3 Bg4 5. Be2 Bd6 6. h3 Bf5 7. Nbd2 Nd7 8. c4 c6 9. cxd5 cxd5 10. Qb3 Ngf6 11. Qxb7 0-0 12. 0-0 Re8 13. Re1 Rb8 14. Qa6 Re6 15. Qa4 Qc7 16. Nb3 Rbe8 17. Be3 Ne4 18. Qa5 Qxa5 19. Nxa5 Bb4 20. g4 Bg6 21. Bb5 Bxe1 22. Rxe1 Rd8 23. Nc6 Ra8 24. h4 a6 25. Nb4 axb5 26. h5 Bxh5 27. gxh5 Nb6 28. Ne5 Rc8 29. f3 Ng3 30. h6 f6 31. Ng4 Rce8 32. Kf2 Nf5 33. hxg7 h5 34. Nxf6+ Rxf6 0-1

[Event "BL2 West 1617 (Women)"]
[Site "Germany"]
[Date "2017.02.12"]
[Round "5.3"]
[White "Kloster, Elisabeth"]
[Black "Hiebsch, Catalina"]
[Result "1/2-1/2"]
[WhiteElo "1845"]
[BlackElo "1820"]
[PlyCount "69"]
[EventDate "2016.10.22"]
[EventType "team-tourn"]
[EventRounds "7"]
[EventCountry "GER"]
[SourceTitle "EXT 2018"]
[Source "ChessBase"]
[SourceDate "2017.10.13"]
[SourceVersion "1"]
[SourceVersionDate "2017.10.13"]
[SourceQuality "1"]
[WhiteTeam "Heiden (W)"]
[BlackTeam "Horst Emscher (W)"]
[WhiteTeamCountry "GER"]
[BlackTeamCountry "GER"]

1. e4 c5 2. Nf3 Nc6 3. c3 g6 4. d4 cxd4 5. cxd4 Bg7 6. Nc3 d6 7. h3 Nf6 8. Bb5 a6 9. Bxc6+ bxc6 10. 0-0 0-0 11. Be3 Rb8 12. Qd2 Re8 13. Rfd1 Qb6 14. b3 Bb7 15. Rac1 Qb4 16. Qc2 Rec8 17. Nd2 d5 18. e5 Nd7 19. f4 c5 20. Nf3 c4 21. Rb1 cxb3 22. Rxb3 Qa5 23. Rdb1 Qc7 24. Qb2 Bc6 25. Rc1 Nb6 26. Nd2 Bb5 27. Rb1 Bd3 28. Rxb6 Bxb1 29. Nxd5 Rxb6 30. Qxb6 Qxb6 31. Nxb6 Rb8 32. Nxb1 Rxb6 33. Nc3 Rb2 34. Nd5 Kf8 35. a4 1/2-1/2

[Event "BL2 West 1617 (Women)"]
[Site "Germany"]
[Date "2017.01.21"]
[Round "3.3"]
[White "Moenster, Madita"]
[Black "Hiebsch, Catalina"]
[Result "0-1"]
[WhiteElo "1766"]
[BlackElo "1820"]
[PlyCount "112"]
[EventDate "2016.10.22"]
[EventType "team-tourn"]
[EventRounds "7"]
[EventCountry "GER"]
[SourceTitle "EXT 2018"]
[Source "ChessBase"]
[SourceDate "2017.10.13"]
[SourceVersion "1"]
[SourceVersionDate "2017.10.13"]
[SourceQuality "1"]
[WhiteTeam "Delmenhorst (W)"]
[BlackTeam "Horst Emscher (W)"]
[WhiteTeamCountry "GER"]
[BlackTeamCountry "GER"]

1. e4 c5 2. Nf3 Nc6 3. d4 cxd4 4. Nxd4 d6 5. Nc3 g6 6. Be3 Bg7 7. Bc4 Nf6 8. f3 0-0 9. Bb3 Na5 10. Qd2 Nxb3 11. Nxb3 Re8 12. 0-0-0 Be6 13. Nd5 b6 14. Kb1 Qd7 15. h4 h5 16. Bh6 Bh8 17. Bg5 Bxd5 18. exd5 Qf5 19. Qf4 Qxf4 20. Bxf4 Rec8 21. Rhe1 Kf8 22. Bh6+ Ke8 23. Nd4 Rc5 24. Nc6 Nxd5 25. Rxd5 Rxc6 26. c3 e6 27. Bf4 Kd7 28. Rd3 Bf6 29. g3 Rac8 30. Re4 d5 31. Be5 Be7 32. Rf4 f5 33. Ra4 a5 34. Kc2 Bd6 35. Bxd6 Kxd6 36. Kd2 e5 37. f4 e4 38. Re3 Rc4 39. Rxc4 dxc4 40. Kc2 Kc5 41. b3 Rd8 42. Re2 Rd3 43. Rg2 b5 44. Kb2 Kd5 45. Kc2 e3 46. a3 a4 47. bxa4 bxa4 48. Rg1 Rd2+ 49. Kc1 Ke4 50. Kb1 e2 51. Kc1 Rd3 52. Kc2 Kf3 53. Rh1 Kg2 54. Rb1 Kf2 55. Rh1 e1Q 56. Rh2+ Kxg3 0-1

[Event "GER-chT Federal Cup (Women)"]
[Site "Braunfels"]
[Date "2015.06.06"]
[Round "4.8"]
[White "Hiebsch, Catalina"]
[Black "Rommeck, Christiane"]
[Result "0-1"]
[WhiteElo "1730"]
[BlackElo "1437"]
[PlyCount "90"]
[EventDate "2015.06.04"]
[EventType "team-swiss"]
[EventRounds "5"]
[EventCountry "GER"]
[SourceTitle "CBM 167 Extra"]
[Source "ChessBase"]
[SourceDate "2015.09.14"]
[SourceVersion "1"]
[SourceVersionDate "2015.09.14"]
[SourceQuality "1"]
[WhiteTeam "Nordrhein Westfalen (W)"]
[BlackTeam "Schleswig Holstein (W)"]
[WhiteTeamCountry "GER"]
[BlackTeamCountry "GER"]

1. e4 d6 2. d4 g6 3. Nf3 Bg7 4. Be2 Nd7 5. 0-0 e5 6. c3 Ne7 7. Bg5 0-0 8. Nbd2 h6 9. Bh4 Qe8 10. Re1 Kh7 11. Nc4 Nc6 12. d5 Ne7 13. Nfd2 f5 14. f3 f4 15. a4 g5 16. Bf2 Nf6 17. b4 Qg6 18. g3 h5 19. g4 hxg4 20. fxg4 Rh8 21. Kg2 Kg8 22. Bg1 Qh6 23. Nf3 Bxg4 24. Qd3 Bh3+ 25. Kh1 g4 26. Nfd2 g3 27. Bf3 gxh2 28. Bxh2 Nh5 29. Bxh5 Qxh5 30. Nf3 Bg4 31. Ncd2 Ng6 32. Rf1 Rf8 33. Rf2 Rf6 34. Rg1 Nh4 35. Nxh4 Qxh4 36. Rfg2 Rfh6 37. Nf1 f3 38. Rc2 Bf6 39. Qe3 Qh5 40. Qf2 Bh4 41. Ng3 Qg5 42. Qxa7 Bxg3 43. Rxg3 Rxh2+ 44. Rxh2 Rxh2+ 45. Kxh2 Qh4+ 0-1

[Event "GER-chT Federal Cup (Women)"]
[Site "Braunfels"]
[Date "2015.06.05"]
[Round "3.8"]
[White "Storkebaum, Ulrike"]
[Black "Hiebsch, Catalina"]
[Result "1/2-1/2"]
[WhiteElo "1723"]
[BlackElo "1730"]
[PlyCount "110"]
[EventDate "2015.06.04"]
[EventType "team-swiss"]
[EventRounds "5"]
[EventCountry "GER"]
[SourceTitle "CBM 167 Extra"]
[Source "ChessBase"]
[SourceDate "2015.09.14"]
[SourceVersion "1"]
[SourceVersionDate "2015.09.14"]
[SourceQuality "1"]
[WhiteTeam "Hessen (W)"]
[BlackTeam "Nordrhein Westfalen (W)"]
[WhiteTeamCountry "GER"]
[BlackTeamCountry "GER"]

1. e4 c5 2. Nf3 g6 3. d4 cxd4 4. Nxd4 Bg7 5. c4 d6 6. Nc3 Nc6 7. Be3 Nf6 8. Be2 0-0 9. 0-0 a6 10. Rc1 Bd7 11. f3 Rc8 12. Qd2 Ne5 13. Nd5 e6 14. Nxf6+ Bxf6 15. Nb3 Ba4 16. Na5 Bc6 17. Rfd1 Be7 18. b4 b6 19. Nxc6 Nxc6 20. a3 f5 21. exf5 Rxf5 22. Bd3 Rf7 23. c5 dxc5 24. bxc5 Bxc5 25. Bxc5 bxc5 26. Bxa6 Qxd2 27. Rxd2 Ra8 28. Bc4 Re7 29. Bb5 Nd4 30. Rb2 Rxa3 31. Bc4 Kf7 32. Kf2 Kf6 33. Rb8 Raa7 34. g4 Ra3 35. Rc8 Nxf3 36. Rxc5 g5 37. Kg2 Nd2 38. Rc2 Ne4 39. Rc8 Nd6 40. Rc5 Nxc4 41. R5xc4 e5 42. Rf2+ Kg7 43. Rc5 Ra4 44. h3 Rf4 45. Re2 Kf6 46. Rc6+ Re6 47. Rc7 h6 48. Kg3 e4 49. Rc5 e3 50. Rc8 Rfe4 51. Rf8+ Ke5 52. Rd8 Rf6 53. Rd3 Rf2 54. Rexe3 Rf6 55. Rxe4+ Kxe4 1/2-1/2

[Event "GER-chT Federal Cup (Women)"]
[Site "Braunfels"]
[Date "2014.06.20"]
[Round "2.2"]
[White "Hiebsch, Catalina"]
[Black "Steinbacher, Claudia"]
[Result "1-0"]
[WhiteElo "1730"]
[BlackElo "2080"]
[PlyCount "103"]
[EventDate "2014.06.19"]
[EventType "team-swiss"]
[EventRounds "5"]
[EventCountry "GER"]
[SourceTitle "EXT 2015"]
[Source "ChessBase"]
[SourceDate "2014.11.20"]
[SourceVersion "1"]
[SourceVersionDate "2014.11.20"]
[SourceQuality "1"]
[WhiteTeam "Nordrhein Westfalen (W)"]
[BlackTeam "Sachsen (W)"]
[WhiteTeamCountry "GER"]
[BlackTeamCountry "GER"]

1. e4 c5 2. Nf3 a6 3. d4 cxd4 4. Nxd4 Nf6 5. Nd2 e5 6. N4f3 Nc6 7. Bc4 Be7 8. a4 Qc7 9. 0-0 d6 10. h3 Be6 11. Bxe6 fxe6 12. c4 b6 13. Re1 0-0 14. Nf1 Nd7 15. b3 Rab8 16. Be3 b5 17. N1d2 Rb7 18. Qe2 Rfb8 19. cxb5 axb5 20. Rec1 bxa4 21. bxa4 d5 22. Qa6 Rc8 23. Bg5 Ndb8 24. Qd3 Qd8 25. Bxe7 Rxe7 26. Nb3 Qd6 27. Na5 Rd8 28. Nxc6 Nxc6 29. Qc3 dxe4 30. Qxc6 Qxc6 31. Rxc6 exf3 32. gxf3 Kf7 33. a5 Ra8 34. a6 Kf6 35. Kg2 Kf5 36. Ra4 Rea7 37. Kg3 Rd7 38. Rb6 Rd4 39. Ra5 Rd5 40. Ra4 Rd4 41. Ra3 Rd7 42. Rb7 Rxb7 43. axb7 Rb8 44. Rb3 h5 45. Rb4 g6 46. Kg2 g5 47. Kf1 Kf6 48. Ke2 Ke7 49. Kd3 Kd6 50. Ke4 Kc5 51. Rb2 Kd6 52. Rb3 1-0

[Event "GER-chT Federal Cup (Women)"]
[Site "Braunfels"]
[Date "2014.06.20"]
[Round "3.2"]
[White "Mader, Manuela"]
[Black "Hiebsch, Catalina"]
[Result "1-0"]
[WhiteElo "2140"]
[BlackElo "1730"]
[PlyCount "57"]
[EventDate "2014.06.19"]
[EventType "team-swiss"]
[EventRounds "5"]
[EventCountry "GER"]
[SourceTitle "EXT 2015"]
[Source "ChessBase"]
[SourceDate "2014.11.20"]
[SourceVersion "1"]
[SourceVersionDate "2014.11.20"]
[SourceQuality "1"]
[WhiteTeam "Baden (W)"]
[BlackTeam "Nordrhein Westfalen (W)"]
[WhiteTeamCountry "GER"]
[BlackTeamCountry "GER"]

1. e4 c5 2. c3 d6 3. d4 cxd4 4. cxd4 g6 5. Nf3 Bg7 6. Be2 Nc6 7. Nc3 Nf6 8. 0-0 0-0 9. h3 a6 10. a3 b5 11. Be3 Bb7 12. e5 dxe5 13. dxe5 Nd7 14. e6 Nde5 15. Nxe5 Bxe5 16. exf7+ Rxf7 17. Bg4 Qxd1 18. Raxd1 Bxc3 19. bxc3 Rff8 20. Be6+ Kg7 21. Bb6 Kf6 22. Rfe1 Ne5 23. Bb3 Nc4 24. Bxc4 bxc4 25. Rd7 Bc6 26. Rdxe7 Rfe8 27. R1e6+ Kf5 28. g4+ Kf4 29. Rf7+ 1-0